| 000 | 01162cam a22003255a 4500 | ||
|---|---|---|---|
| 008 | 150813s1996 xxua|||frb||| 001 0 eng d | ||
| 010 | _a 95036200 | ||
| 020 | _a0070370893 : | ||
| 020 | _a0071141448 : | ||
| 020 | _a9780071141383 | ||
| 040 |
_beng _dEG-ScBUE |
||
| 082 | 0 | 4 |
_a658.7 _bDOB _222 |
| 100 | 1 | _aDobler, Donald W. | |
| 245 | 1 | 0 |
_aPurchasing and supply management : _btext and cases / _cDonald W. Dobler, David N. Burt. |
| 250 | _a6th ed., international ed. | ||
| 260 |
_aNew York : _bMcGraw-Hill, _cc.1996. |
||
| 300 |
_axxi, 963 p. : _bill.(some col.) ; _c24 cm. |
||
| 490 | _aMcGraw-Hill series in management. | ||
| 500 | _aIndex : p. 941-963. | ||
| 504 | _aIncludes bibliographical references . | ||
| 590 | _adoaa mohamed | ||
| 650 | 0 |
_aIndustrial procurement. _2BUEsh _931015 |
|
| 650 | 0 |
_aPurchasing. _2BUEsh |
|
| 650 | 0 |
_aMaterials management. _2BUEsh _931016 |
|
| 651 | _2BUEsh | ||
| 700 | 1 | _aBurt, David N. | |
| 856 | 4 | 2 |
_3Publisher description _uhttp://www.loc.gov/catdir/description/mh022/95036200.html |
| 856 | 4 | 2 |
_3Table of contents _uhttp://www.loc.gov/catdir/toc/mh022/95036200.html |
| 942 |
_cBB _k658.7D654 _2ddc |
||
| 999 |
_c9681 _d3871 |
||